Teatr w "Gazetach Wileńskich"

Titel: Teatr w "Gazetach Wileńskich"
Verfasser:
In: Wilno teatralne, (1998), Seite 383-388
alle Artikel anzeigen
Veröffentlicht: 1998
Format: Aufsatz
Sprache: Polnisch
Kein Bild verfügbar
X
alg: 39244953
001A    $01999:11-11-16 
001B    $01999:28-04-17 $t14:59:50.000 
001D    $01999:11-11-16 
001U    $0utf8 
001X    $00 
002@    $0Aox 
003@    $0392449536 
007A    $0392449536 $aHEB 
007T    $0Herdc0020966v 
010@    $apol 
011@    $a1998 
021A    $aTeatr w "Gazetach Wileńskich" 
028A    $aJakubenas $dRegina 
031A    $h383-388 $j1998 
039B    $aIn $8--Aau--. Wilno teatralne. - Wyd. 1. - Warszawa, 1998. - 511 S.. - Ill.. - ISBN 83-87789-02-X $x199800000000000617 $9091163048 

lok: 39244953 78

exp: 39244953 78 1 #EPN
201B/01 $012-12-17 $t11:21:40.000 
201U/01 $0utf8 
203@/01 $0788547275 
208@/01 $a11-11-16 $be 
209A/01 $a/ $f000 $x00 
220C/01 $aHerkunft: LII / T. Baranauskas 
244Z/01 $2Trx $#Poola $#Lenkija $#Polija $#Polen Land $#Poland $#Lengyelország $#Poľsko $#Polsko $8--Trx--Polska$gkraj $x01 $9391345966 
244Z/01 $2Trx $#Litauen $#Lithuania $#Litwa $#Litva $#Litva $8--Trx--Lietuva $x02 $9391193457 
244Z/01 $#Wilna $#Wilna Vilnius $#Wilnjus $#Wilno $#Vilna $#Vilni $#Wilniuje $#Wilna $75057560-0 $8--Tg1--Vilnius $x03 $9044721684 
244Z/01 $2Trx $#teater $#teatras $#theatre $#színház $#teatr $#divadlo $#divadlo $8--Trx--Theater $x04 $9391363646 
244Z/01 $2Trx $#ajalehed $#spauda $#Print media $#sajtó $#prasa $#tlač $#tisk $#Zeitungen $#press $#gazety $8--Trx--Presse $x05 $9391383264 
244Z/01 $2Trx $8--Trx--Einzelbeiträge $x06 $9391384570 
245Z/01 $a11.06;11.12 $x01 
247C/01 $82080>Marburg/Lahn, Herder-Institut, Forschungsbibliothek, Bibliographieportal $9336309341
LEADER 00000caa a22000002c 4500
001 392449536
003 DE-603
005 20170428145950.0
007 tu
008 161111s1998 xx |||| | u00||u|pol c
035 |a (DE-599)HEB392449536 
040 |a DE-603  |b ger  |c DE-603  |d DE-603 
041 |a pol 
100 1 |a Jakubenas, Regina 
245 0 0 |a Teatr w "Gazetach Wileńskich" 
264 0 |c 1998 
773 0 8 |i In  |t Wilno teatralne  |b Wyd. 1  |d Warszawa, 1998  |h 511 S., Ill.  |z 838778902X  |z 8385161775  |z 8390887118  |g (1998), Seite 383-388  |w (DE-603)091163048 
924 0 |9 2080  |a (DE-603)788547275  |b DE-2080  |c HES  |d d  |g /